Український голос 1910: №1(16.03) (Запис № 440786)

МАРК-запис
000 -Лідер
fixed length control field 00827nam a22002417a 4500
001 - Контрольний номер
control field 42288
003 - Ідентифікатор контрольного номера
control field UA-OsUOA
005 - Дата та час останнього входження (трансакції)
control field 20230817151530.0
007 - Фіксоване поле фізичного опису
fixed length control field ta
008 - Елементи даних фіксованої довжини – загальна інформація
fixed length control field 20081216b un ||||| |||| 00| 0 ukr d
040 ## - Джерело каталогізації
Агенція оригінальної каталогізації UA-OsUOA
Мова каталогізації ukr
Агенція, яка здійснювала перезапис UA-OsUOA
Агенція, яка здійснювала модифікацію UA-OsUOA
041 ## - Код мови
Код мови тексту/ звукової доріжки чи окремого заголовка (П) ukr
080 ## - Індекс Універсальної десяткової класифікації
Індекс Універсальної десяткової класифікації (УДК) (НП) 050
090 ## - Локальний шифр розміщення
Класифікаційний індекс УДК 050
Авторський знак (НП) У45
245 ## - Відомості про назву
Назва (НП) Український голос 1910: №1(16.03)
260 ## - Публікація, розповсюдження і т.п. (Вихідні дані)
Місце публікації, розповсюдження і т.п. (П) Вінніпег
310 ## - Поточна періодичність
Поточна періодичність 15 березня 2004 р.; №9/10
650 #7 - Додаткове предметне введення – тематичний термін
Тематичний термін чи географічна назва, як елемент введення (НП) 050 Серійні публікації. Періодика галузі, Організація та інші типи поєднання (співробітництва)
Джерело заголовка чи терміна UDC
942 ## - Додаткові елементи входу (Коха)
Тип елемента Koha Газета
Source of classification or shelving scheme Universal Decimal Classification
955 ## - Код типу видання за змістом
Код типу видання за змістом (НП) Науково-популярні видання

Немає доступних примірників.